Influence of voter turnout on school bond and tax elections, (Record no. 34317)
[ view plain ]
| 000 -LEADER | |
|---|---|
| fixed length control field | 01141cam a22003131 4500 |
| 001 - CONTROL NUMBER | |
| control field | hew61000103 |
| 003 - CONTROL NUMBER IDENTIFIER | |
| control field | DLC |
| 005 - DATE AND TIME OF LATEST TRANSACTION | |
| control field | 20260227111511.0 |
| 008 - FIXED-LENGTH DATA ELEMENTS--GENERAL INFORMATION | |
| fixed length control field | 730604s1961 dcua 000 0 eng |
| 010 ## - LIBRARY OF CONGRESS CONTROL NUMBER | |
| LC control number | hew61000103 |
| 035 ## - SYSTEM CONTROL NUMBER | |
| System control number | (OCoLC)635249 |
| 040 ## - CATALOGING SOURCE | |
| Original cataloging agency | DLC |
| Transcribing agency | OBlC |
| Modifying agency | OCoLC |
| -- | ISS |
| -- | OCoLC |
| -- | DLC |
| 042 ## - AUTHENTICATION CODE | |
| Authentication code | premarc |
| 050 00 - LIBRARY OF CONGRESS CALL NUMBER | |
| Classification number | LB2825 |
| Item number | .C32 |
| 082 ## - DEWEY DECIMAL CLASSIFICATION NUMBER | |
| Classification number | 379.13 |
| 086 0# - GOVERNMENT DOCUMENT CLASSIFICATION NUMBER | |
| Classification number | FS 5.222:22012 |
| 100 1# - MAIN ENTRY--PERSONAL NAME | |
| Personal name | Carter, Richard Fremont, |
| Dates associated with a name | 1928- |
| 245 10 - TITLE STATEMENT | |
| Title | Influence of voter turnout on school bond and tax elections, |
| Statement of responsibility, etc. | by Richard F. Carter and William G. Savard. |
| 260 ## - PUBLICATION, DISTRIBUTION, ETC. | |
| Place of publication, distribution, etc. | [Washington] |
| Name of publisher, distributor, etc. | U.S. Dept. of Health, Education, nd Welfare, Office of Education |
| Date of publication, distribution, etc. | [1961] |
| 300 ## - PHYSICAL DESCRIPTION | |
| Extent | vi, 31 p. |
| Other physical details | illus., tables. |
| Dimensions | 23 cm. |
| 490 1# - SERIES STATEMENT | |
| Series statement | [U. S. Office of Education] Cooperative research monograph |
| Volume/sequential designation | no. 5 |
| 500 ## - GENERAL NOTE | |
| General note | "OE-22012." |
| 504 ## - BIBLIOGRAPHY, ETC. NOTE | |
| Bibliography, etc. note | Bibliography: p. 23. |
| 650 #0 - SUBJECT ADDED ENTRY--TOPICAL TERM | |
| Topical term or geographic name entry element | Education |
| Geographic subdivision | United States |
| General subdivision | Finance. |
| 650 #0 - SUBJECT ADDED ENTRY--TOPICAL TERM | |
| Topical term or geographic name entry element | School elections. |
| 650 #0 - SUBJECT ADDED ENTRY--TOPICAL TERM | |
| Topical term or geographic name entry element | Voter turnout |
| Geographic subdivision | United States. |
| 700 1# - ADDED ENTRY--PERSONAL NAME | |
| Personal name | Savard, William G. |
| Relator term | joint author. |
| 810 1# - SERIES ADDED ENTRY--CORPORATE NAME | |
| Corporate name or jurisdiction name as entry element | United States. |
| Subordinate unit | Office of Education. |
| Title of a work | Cooperative research monograph ; |
| Volume/sequential designation | no. 5. |
No items available.